| 000 | 00635cam a2200145ua 4500 | ||
|---|---|---|---|
| 041 |
_aeng _h |
||
| 082 |
_a338.634 _bINT/EV |
||
| 110 | 1 |
_ainternational cooperation administration . _b _c() |
|
| 245 | _aEvaluation of the Philippine program for cottage industries | ||
| 260 |
_aWashington : _bInternational co-operation administration , _c1949. |
||
| 300 | _a40 ; . | ||
| 504 | _a | ||
| 942 | _cBK | ||
| 999 |
_c11548 _d11548 |
||